Word Ladder: Legends of the Hidden Temple Quiz Stats

 Plays Quiz Updated Feb 13, 2019

Challenge
Share
Tweet
Embed
Score 0/52 Timer 06:00
0 Plays Today
Clue 4-Letter Rung % Correct
Hair untanglerCOMB
96.6%
DifficultHARD
96.2%
Food for a carnivoreMEAT
95.9%
Titanic's unfortunate actionSINK
95.6%
State of prolonged unconsciousnessCOMA
95.6%
Orderly and tidyNEAT
95.5%
Ace of spades or 2 of hearts, e.g.CARD
95.1%
Twain, Zuckerberg, or Wahlberg, e.g.MARK
95%
A divide in one's hairPART
94.8%
Before presentPAST
94.5%
** _____ Tut's Cobra Staff **- KING -
94.3%
Suspend from aboveHANG
94.2%
A bend in a hoseKINK
94.2%
Bird houseNEST
93.7%
Verbally communicateTALK
93.4%
** _____ of the Man in the Iron _____ **- MASK -
93.2%
'There ___ Be Blood'WILL
92.8%
Designer Vera _____WANG
92.7%
** Wild Bill Hickok and the Dead Man's _____ **- HAND -
92.6%
Where US currency is producedMINT
92.5%
Light rainMIST
92.5%
Unwanted plant or animalPEST
92.5%
Tend to: Take _____ ofCARE
92.5%
Front part of the lower legSHIN
92.5%
Trigonometric functionSINE
92.1%
Objective that must be accomplishedTASK
91.9%
Clue 4-Letter Rung % Correct
SkinnyTHIN
91.7%
** Broken _____ of Icarus **- WING -
91.4%
** _____ Shaft **- MINE -
91.2%
Gambling device: _____ machineSLOT
91.2%
More than moreMOST
91.1%
Ringer in a clocktowerBELL
90.7%
A chair, e.g.SEAT
90.3%
** _____ Forest **- DARK -
90.1%
Game room projectileDART
90%
** First challenge: Cross the _____ **- MOAT -
89.8%
VendSELL
89.7%
** _____ of the Headless Kings **- TOMB -
88.9%
** Helmet of Genghis _____ **- KHAN -
88.4%
A retail storeSHOP
88.2%
** Pecos _____'s Lost Lariat **- BILL -
88.1%
Unappetizing foodSLOP
87.8%
** Very _____ Turban of Ahmed Baba **- TALL -
87.6%
Greater or less follower, in inequalitiesTHAN
87%
** _____ Climb **- WALL -
86.9%
** Elizabeth I's Golden _____ **- SHIP -
85.9%
A rail of a bedpostSLAT
85.7%
** Discarded _____ of Ivan the Terrible **- SEAL -
84.3%
** Pirate's _____ **- COVE -
68.6%
Concluding part of some songsCODA
68.5%
** _____ of Sighs **- CAVE -
67.8%
** _____ Book of Mata Hari **- CODE -
66.2%

Today's Daily Dose

Word Ladder
Bruno Mars Song

Get the Picture
Japanese Cars

You're not logged in!

Compare scores with friends on all Sporcle quizzes.
OR
Log In

You Might Also Like...

Show Comments

Extras

Top Quizzes Today


Score Distribution

Your Account Isn't Verified!

In order to create a playlist on Sporcle, you need to verify the email address you used during registration. Go to your Sporcle Settings to finish the process.

Report this User

Report this user for behavior that violates our Community Guidelines.

Details: